Principios de administración financiera (Registro nro. 3713)

Detalles MARC
000 -CABECERA
Longitud fija campo de control 00937nam a2200253 b 4500
001 - NÚMERO DE CONTROL
Número de control 00000000275005
003 - IDENTIFICADOR DELl NÚMERO DE CONTROL
Identificador del número de control OSt
005 - FECHA Y HORA DE LA ÚLTIMA TRANSACCIÓN
Fecha y hora de la última transacción 20171130165549.0
008 - CÓDIGOS DE INFORMACIÓN DE LONGITUD FIJA
Códigos de información de longitud fija 080205s2000 mex spa
020 ## - NÚMERO INTERNACIONAL NORMALIZADO PARA LIBROS
Número Internacional Normalizado para Libros (ISBN) 968-444-342-0
040 ## - FUENTE DE LA CATALOGACIÓN
Centro catalogador de origen BR-TO
Centro transcriptor BMC
082 ## - NÚMERO DE LA CLASIFICACIÓN DECIMAL DEWEY
Númeroo de clasificación 658.15
100 1# - PUNTO DE ACCESO PRINCIPAL-NOMBRE DE PERSONA
Nombre de persona Gitman, Lawrence J.
245 10 - MENCIÓN DE TÍTULO
Título Principios de administración financiera
Mención de responsabilidad, etc. Lawrence J. Gitman ; traducción, Miguel Angel Sánchez Carrión ; revisión técnica, Javier Cervantes González
250 ## - MENCIÓN DE EDICIÓN
Mención de edición 8ª ed
260 ## - PUBLICACIÓN, DISTRIBUCIÓN, ETC. (PIE DE IMPRENTA)
Lugar de publicación, distribución, etc. Naucalpan de Juárez (México) [etc.]
Nombre del editor, distribuidor, etc. Pearson Educación
Fecha de publicación, distribución, etc. 2000
300 ## - DESCRIPCIÓN FÍSICA
Extensión XXXII, 593, [67] p.
Otras características físicas il., gráf.
Dimensiones 26 cm
Material anejo + 1 disco compacto
500 ## - NOTA GENERAL
Nota general Incluye índices
594 ## - NOTA AL TÍTULO Y MENCIÓN DE RESPONSABIBLIDAD
Nota Al Título Y Mención De Responsabilidad Traducido de: Principles of managerial finance, 8th ed.
650 24 - PUNTO DE ACCESO ADICIONAL DE MATERIA - TÉRMINO DE MATERIA
Término de materia o nombre geográfico como elemento inicial Empresas
Subdivisión de materia general Finanzas
9 (RLIN) 5713
700 1# - PUNTO DE ACCESO ADICIONAL - NOMBRE DE PERSONA
9 (RLIN) 8515
Nombre de persona Cervantes González, Javier
700 1# - PUNTO DE ACCESO ADICIONAL - NOMBRE DE PERSONA
9 (RLIN) 6141
Nombre de persona Sánchez Carrión, Miguel Ángel
942 ## - ENTRADA DE ELEMENTOS AGREGADOS (KOHA)
Fuente de clasificaión o esquema Dewey Decimal Classification
Koha [por defecto] tipo de item 1- Monografias
Parte de clasificación prozim
Existencias
Suprimido Perdido Fuente de clasificación o esquema Estropeado Restricciones de uso No para préstamo Código de colección Localización permanente Localización actual Localización en estanter&íacute;as Fecha adquisición Fuente de adquisición Número de inventario Préstamos totales Renovaciones totales Signatura completa Código de barras Fecha última consulta Fecha último préstamo Coste, precio reemplazado Fecha del precio de reemplazo Tipo de item de Koha
NULL NULL Dewey Decimal Classification NULL Prestable NULL NULL Biblioteca Miguel de Cervantes - UNICAES Biblioteca Miguel de Cervantes - UNICAES Sala Principal 03/06/2002 Donación - Facultad de Ciencias Empresariales 006137 3 1 658.15 GIT pri 1006137 14/11/2019 11/11/2019 63.31 04/11/2013 1- Monografias
NULL NULL Dewey Decimal Classification NULL Prestable NULL NULL Biblioteca Miguel de Cervantes - UNICAES Biblioteca Miguel de Cervantes - UNICAES Sala Principal 29/01/2001 Donación - Facultad de Ciencias Empresariales 006138 1   658.15 GIT pri 1006138 12/09/2018 20/10/2015 63.31 04/11/2013 1- Monografias
NULL NULL Dewey Decimal Classification NULL Prestable NULL NULL Biblioteca Miguel de Cervantes - UNICAES Biblioteca Miguel de Cervantes - UNICAES Sala Principal 29/01/2001 Donación - Facultad de Ciencias Empresariales 006139 4   658.15 GIT pri 1006139 07/11/2019 04/11/2019 63.31 04/11/2013 1- Monografias
NULL NULL Dewey Decimal Classification NULL Prestable NULL NULL Biblioteca Miguel de Cervantes - UNICAES Biblioteca Miguel de Cervantes - UNICAES Sala Principal 03/06/2002 Donación - Facultad de Ciencias Empresariales 006140 1 1 658.15 GIT pri 1006140 25/07/2018 20/07/2018 63.31 04/11/2013 1- Monografias